| 000 | 00365 a2200157 4500 | ||
|---|---|---|---|
| 003 | Nust | ||
| 005 | 20170207154018.0 | ||
| 040 | _cNust | ||
| 082 | _a519.4 | ||
| 100 | _aSudan, M. | ||
| 245 |
_aAlgorithmic introduction to coding theory - (E-BOOK) _cM. Sudan |
||
| 260 |
_aNew York _bAddison-Wesely _c1999 |
||
| 300 | _a154 p. | ||
| 650 | _aAlgorithms | ||
| 651 | _aE-BOOK | ||
| 942 |
_2ddc _cBK |
||
| 999 |
_c191564 _d191564 |
||